000 00647nam a2200229Ia 4500
999 _c45427
_d45427
001 12251
003 GE_BSU
005 20221114105359.0
008 181216s2013en xx |||||||||||||| ||eng||
020 _a9780521606738x
040 _cGE_BSU
041 _aeng
080 _a811.111 B-17
100 _aBaker, Ann
_915787
245 _aShip or Sheep?
_b An intermediate pronunciation course /
_cAnn Baker.
264 _aCambridge :
_bUniversity Press,
_c2013.
300 _a225 p.:
_bill.
_c24cm.
653 _agrammar
653 _aShip or Sheep? An intermediate pronunciation course
653 _aგრამატიკა
942 _cBK
_2udc